000 00250nam a2200109Ia 4500
008 220204s9999 xx 000 0 und d
082 _a82-3
_bMAR
100 _aStephen
245 4 _aThe Valkyrie encounter
260 _aLondon
_bNel
_c1979
942 _cBK
999 _c29376
_d29376